Estatísticas para 40 cidades mais populosas de Goiás

Clique aqui para jogar o quiz

Estatísticas Gerais

  • Esse quiz foi jogado 188 vezes
  • A pontuação média é 22 de 40

Estatísticas das Respostas

Nº de HabitantesLetra InicialCidade% Correto
1 430 679GGoiânia
100%
521 910AAparecida de Goiânia
97%
366 491AAnápolis
96%
207 296RRio Verde
94%
95 998JJataí
81%
194 039LLuziânia
81%
100 548IItumbiara
78%
98 737CCatalão
77%
81 477CCaldas Novas
76%
112 236FFormosa
72%
65 767GGoianésia
71%
117 454TTrindade
70%
100 367SSenador Canedo
66%
60 464MMineiros
63%
153 255VValparaíso de Goiás
63%
187 082AÁguas Lindas de Goiás
61%
44 607MMorrinhos
55%
47 377QQuirinópolis
54%
34 043GGoiatuba
52%
106 677NNovo Gama
49%
44 798PPorangatu
49%
27 341NNerópolis
48%
45 243NNiquelândia
46%
87 474PPlanaltina
44%
39 483UUruaçu
43%
53 300CCristalina
42%
39 484GGoianira
42%
51 543IInhumas
40%
69 988SSanto Antônio do Descoberto
40%
64 229CCidade Ocidental
38%
32 194IIporá
37%
46 790JJaraguá
35%
32 491SSão Luís de Montes Belos
32%
30 703PPires do Rio
31%
38 378SSanta Helena de Goiás
31%
34 663PPosse
30%
39 629IItaberaí
29%
31 031MMinaçu
29%
31 129PPadre Bernardo
27%
27 628BBela Vista de Goiás
26%

Distribuição das Pontuações

Percentil de Números Respondidos

Porcentagem de Pessoas com Cada Pontuação

Sua Pontuação Histórica

Você não jogou esse quiz